[Event "Barcelona Espluguenc Rapid"]
[Site "Barcelona"]
[Date "2022.09.11"]
[Round "7"]
[White "Buenano Rojas, Julio Cesar"]
[Black "Jimenez Ramos, Joel"]
[Result "0-1"]
[WhiteElo "1080"]
[BlackElo "1467"]
[PlyCount "106"]
[EventDate "2022.09.11"]
[EventType "swiss (rapid)"]
[EventRounds "7"]
[EventCountry "ESP"]
[SourceTitle "EXT 2023"]
[Source "ChessBase"]
[SourceDate "2022.10.05"]
[SourceVersion "1"]
[SourceVersionDate "2022.10.05"]
[SourceQuality "1"]

1. e4 e5 2. Nf3 Nc6 3. Nc3 Bc5 4. Bc4 Nf6 5. d3 0-0 6. 0-0 d6 7. Be3 Bxe3 8. fxe3 Bg4 9. h3 Bxf3 10. Qxf3 Nb4 11. Rac1 c6 12. a3 Na6 13. Bxa6 bxa6 14. d4 exd4 15. exd4 d5 16. exd5 cxd5 17. Na2 Ne4 18. Nc3 Nd2 19. Qxd5 Qxd5 20. Nxd5 Nxf1 21. Rxf1 Rfd8 22. c4 Rab8 23. b4 f6 24. Rd1 Kf7 25. Nf4 g5 26. Ne2 Re8 27. Nc3 Re3 28. Rc1 Rc8 29. c5 Ke6 30. b5 axb5 31. Nxb5 Kd5 32. c6 Rxc6 33. Rxc6 Kxc6 34. Kf2 Rb3 35. Nxa7+ Kd5 36. a4 Kxd4 37. Nb5+ Kc4 38. Kg1 Kb4 39. Nd6 Kxa4 40. Ne8 f5 41. Kh2 g4 42. h4 Kb4 43. Nf6 h6 44. h5 Kc4 45. Ng8 Rb6 46. Kg3 Kd4 47. Kf4 g3 48. Kxf5 Ke3 49. Kg4 Kf2 50. Kh3 Rb5 51. Nf6 Rf5 52. Ng4+ Kg1 53. Nxh6 Rxh5+ 0-1

[Event "Barcelona Espluguenc Rapid"]
[Site "Barcelona"]
[Date "2022.09.11"]
[Round "2"]
[White "Buenano Rojas, Julio Cesar"]
[Black "Royo Ruiz, Hugo"]
[Result "0-1"]
[WhiteElo "1080"]
[BlackElo "1368"]
[PlyCount "102"]
[EventDate "2022.09.11"]
[EventType "swiss (rapid)"]
[EventRounds "7"]
[EventCountry "ESP"]
[SourceTitle "EXT 2023"]
[Source "ChessBase"]
[SourceDate "2022.10.05"]
[SourceVersion "1"]
[SourceVersionDate "2022.10.05"]
[SourceQuality "1"]

1. e4 c5 2. Nf3 d6 3. d4 cxd4 4. Nxd4 Nf6 5. Nc3 a6 6. Bd3 e5 7. Nf3 Be6 8. Be3 Be7 9. 0-0 0-0 10. Re1 Nc6 11. h3 Qd7 12. Kh2 h6 13. a3 b5 14. b4 d5 15. exd5 Bxd5 16. Nxd5 Qxd5 17. Be2 Qe6 18. c3 e4 19. Nd2 Qe5+ 20. Kg1 Qxc3 21. Rc1 Qxa3 22. Rxc6 Bxb4 23. Bxh6 Nd5 24. Be3 Nxe3 25. fxe3 Qxe3+ 26. Kh1 Bxd2 27. Rf1 Rad8 28. Rxa6 Bb4 29. Qb1 Bd6 30. Bxb5 Rb8 31. Rxd6 Qc5 32. Rdd1 Rxb5 33. Qxe4 Rb4 34. Qf3 Qb5 35. Qd3 Qh5 36. Qf3 Qh6 37. Qg3 Rb6 38. Qc3 Rc6 39. Qb2 Rb6 40. Qc3 Qe6 41. Qd2 Qe7 42. Qe1 Qc7 43. Qf2 Re8 44. Rfe1 Rxe1+ 45. Rxe1 Rf6 46. Re8+ Kh7 47. Qh4+ Rh6 48. Qe4+ g6 49. Re7 Qc1+ 50. Kh2 Qc5 51. Rxf7+ Kh8 0-1

[Event "Barcelona Espluguenc Rapid"]
[Site "Barcelona"]
[Date "2022.09.11"]
[Round "6"]
[White "Torres Gallardo, Pablo"]
[Black "Buenano Rojas, Julio Cesar"]
[Result "0-1"]
[WhiteElo "1308"]
[BlackElo "1080"]
[PlyCount "64"]
[EventDate "2022.09.11"]
[EventType "swiss (rapid)"]
[EventRounds "7"]
[EventCountry "ESP"]
[SourceTitle "EXT 2023"]
[Source "ChessBase"]
[SourceDate "2022.10.05"]
[SourceVersion "1"]
[SourceVersionDate "2022.10.05"]
[SourceQuality "1"]

1. e4 d6 2. Bc4 Nf6 3. Qf3 Nc6 4. e5 dxe5 5. Nc3 e6 6. Ne4 Nxe4 7. Qxf7+ Kxf7 8. d3 Nd6 9. Nf3 Nxc4 10. dxc4 Bc5 11. Bg5 Qe8 12. a3 Rf8 13. 0-0 Kg8 14. Nh4 Nd4 15. b4 Be7 16. c3 Bxg5 17. cxd4 Bxh4 18. dxe5 Qh5 19. Rae1 Rf5 20. h3 Rxe5 21. g4 Qg5 22. Rxe5 Qxe5 23. Kg2 Qe4+ 24. Kh2 Qe2 25. Rg1 Qxf2+ 26. Rg2 Qf4+ 27. Kg1 Qe3+ 28. Kh2 Qxa3 29. c5 Bd7 30. b5 Bxb5 31. c6 Bxc6 32. Rf2 Qg3# 0-1